1974 1555 1760 1344 1004 1639 1085 1540 1293 1866 1999 1774 1259 1189 1697 1372 1662 1503 1209 1680 1657 1359 1442 1432 1681 1590 1139 1939 1767 1705 1909 1133 1003 1992 1484 1426 1990 1884 1685 1167 1614 1044 1120 1151 1111 1351 1934 1590 1121 1150 1252 1746 1361 1674 1945 1412 1597 1311 1439 1605 1319 1571 1440 1191 1743 1166 1918 1236 1541 1325 1751 1043 1193 1065 1818 1184 1625 1391 1916 1626 1924 1653 1704 1120 1800 1730 1183 1899 1128 1009 1635 1084 1949 1325 1056 1522 1744 1821 1064 BCNSPRNW ULIB Ver.6.0+V

เปลี่ยนเป็นภาษาไทย

Change to English
 แสดงรายละเอียดบรรณานุกรม
  กลับหน้าหลัก

Brief Record : Get Marc (ISO 2709) : E-mail record : QR code < ปิดหน้าต่าง
LEADER : 00000nam 2200000uu 4500
001    13399114295
003     ULIB
008    120321s2541||||th 000 0 tha d
020    ^a9742553289
050  4 ^aQH308.2^bช728ช ล.2 2541
100 0  ^aเชาวน์ ชิโนรักษ์
245 10 ^aชีววิทยา เล่ม 2 /^cเชาวน์ ชิโนรักษ์, พรรณี ชิโนรักษ์
246 34 ^aชีววิทยา 2
250    ^aพิมพ์ครั้งที่ 6
260    ^aกรุงเทพฯ :^bศิลปาบรรณาคาร,^c2541
300    ^a545 หน้า :^bภาพประกอบ ;^c24 ซม.
500    ^aSend to Single Search
591    ^aLISC มีปี 2539
650  4 ^aชีววิทยา
700 0  ^aพรรณี ชิโนรักษ์
945    ^p180^l0^i18913
945    ^p180^l0^i18914
945    ^p180^l0^i18915
945    ^p180^l0^i18916
945    ^p180^l0^i18917
995    ^aกัณชพร
999 ^a ใช้งานได้ทุกระบบ
รายการนี้ยังไม่มีแท็ก
คุณยังไม่ได้ล็อกอิน คุณสามารถมีกิจกรรมร่วมกับเว็บไซต์ได้ แต่ต้องล็อกอินก่อน ::
  ล็อกอิน

รายการสื่อสารสนเทศ

ลำดับที่ ประเภท เลขเรียก/บาร์โค้ด สถานที่ สถานะ
- ไม่พบข้อมูล -

รายการใกล้เคียง
    ผู้แต่ง [เชาวน์ ชิโนรักษ์]

    หัวเรื่อง [ชีววิทยา]

BibComment


ยังไม่เคยถูกคอมเมนท์

คอมเมนท์ทรัพยากรรายการนี้
  คอมเมนท์: ชีววิทยา เล่ม 2 ..


 Copyright 2026. Bcnsprnw @Library